000 00496nam a2200205 i 4500
001 bg
100 1 _aASTACHOV, A. V.
245 0 _aMechanika. Teoria kinetyczna /
_cA.W. Astachow.
260 _aWarszawa,
_c1988.
490 1 _aKurs fizyki ;
_vt.1
650 9 _aFizyka
650 9 _aMechanika
655 _aPodręczniki akademickie
700 1 _aAstachow, A.
_bW.
830 _aKurs fizyki ;
040 _cBPK
041 _apol
942 _cKS
008 s pl f |000 0 pol
999 _c3824
_d3824
856 _uhttp://koha.tu.koszalin.pl/cgi-bin/koha/opac-detail.pl?biblionumber=3824
_yKatalog online BPK